Physikalisches Wörterbuch oder Erklärung der vornehmsten zur Physik gehörigen Begrife und Kunstwörter so wohl nach atomischer als auch nach dynamischer Lehrart betrachtet mit kurzen beygefügten Nachrichten von der Geschichte der Erfindungen und Beschreibungen der Werkzeuge inalphabetischer Ordnung von D. Johann Carl Fischer der Philosophie Prof. zu Jena, der mathematish-psysikalischen Gesellschaft zu Erfurth und der mineralogischem Gesellschaft zu Jena Ehrenmitgliede. Vierter Theil, Von Pnev. bis S. Mit fünf Kupferafeln in Quart

Main Author: Fischer, Johann Carl, 1760-1833
Language: German
Published: Göttingen : bey Heinrich Dieterich, 1801
Online Access: Titulní list
Physical Description: 894 s., [5] příl.; 8°
Book
Saved in:
LEADER 01948nam a2200397 a 4500
001 mzk03001191353
003 CZ BrMZK
005 20130723082824.0
007 ta
008 130722s1801 gw d f |||| 0 ger d
040 |a BOA001  |b cze 
072 7 |a 094.5  |x Tisky (19. století)  |2 Konspekt  |9 12 
072 7 |a 53  |x Fyzika  |2 Konspekt  |9 6 
080 |a 53  |2 MRF 
080 |a (031)  |2 MRF 
080 |a 025.171  |2 MRF 
100 1 |a Fischer, Johann Carl,  |d 1760-1833  |7 mzk2008469045  |4 aut 
245 1 0 |a Physikalisches Wörterbuch oder Erklärung der vornehmsten zur Physik gehörigen Begrife und Kunstwörter so wohl nach atomischer als auch nach dynamischer Lehrart betrachtet mit kurzen beygefügten Nachrichten von der Geschichte der Erfindungen und Beschreibungen der Werkzeuge inalphabetischer Ordnung von D. Johann Carl Fischer der Philosophie Prof. zu Jena, der mathematish-psysikalischen Gesellschaft zu Erfurth und der mineralogischem Gesellschaft zu Jena Ehrenmitgliede.  |n Vierter Theil,  |p Von Pnev. bis S. Mit fünf Kupferafeln in Quart 
260 |a Göttingen :  |b bey Heinrich Dieterich,  |c 1801 
300 |a 894 s., [5] příl.;  |c 8° 
500 |a Výzdoba: Linky, grafické přílohy - fyzika 
561 |a Provenience: [m.p.] Biblioth. Mnrii Rayhrad. 
563 |a Vazba polousňová na dřevěné desce, zlacený hřbet a hřbetní štítek, žlutá ořízka 
650 7 |a fyzika  |7 ph114601  |2 czenas 
650 7 |a historické knihovní fondy  |7 ph172933  |2 czenas 
655 7 |a encyklopedie  |7 fd132201  |2 czenas 
856 4 1 |u https://imageserver.mzk.cz/mzk03/001/191/353/328100209473.titul.jp2  |y Titulní list 
910 |e BOE950  |c R - M. I. bb. 35 
978 |b Dieterich, Heinrich  |a Göttingen  |c 1801 
982 0 |a Rajhrad - benediktinský klášter 
984 |a Göttingen  |b Německo 
985 |a 1801-1850 
990 |a BK 
996 |e BOE950  |c R - M. I. bb. 35 
980 |c 209473  |g R - M. I. bb. 35  |1 328100209473  |p N. 12635 
991 |k rajhrad